[Event "BRA-ch Amateur U1600"]
[Site "Sao Paulo"]
[Date "2018.06.02"]
[Round "5"]
[White "Pardo, Fernando Jose"]
[Black "Gelli, Jhonatan Henrique"]
[Result "1-0"]
[WhiteElo "1461"]
[BlackElo "1350"]
[PlyCount "57"]
[EventDate "2018.05.31"]
[EventType "swiss"]
[EventRounds "7"]
[EventCountry "BRA"]
[SourceTitle "EXT 2021"]
[Source "ChessBase"]
[SourceDate "2020.10.23"]
[SourceVersion "1"]
[SourceVersionDate "2020.10.23"]
[SourceQuality "1"]

1. c4 c5 2. g3 Nc6 3. Bg2 Nf6 4. Nc3 e6 5. Nf3 Be7 6. 0-0 d6 7. d4 cxd4 8. Nxd4 Nxd4 9. Qxd4 a6 10. Rd1 Qc7 11. b3 Bd7 12. Ba3 e5 13. Qd2 Qa5 14. Nd5 Qd8 15. Nxe7 Qxe7 16. Bxd6 Qe6 17. Bxb7 Ra7 18. Bg2 a5 19. Qe3 Ra6 20. Qxe5 Qxe5 21. Bxe5 Re6 22. Bxf6 Rxf6 23. Rd5 Be6 24. Rxa5 0-0 25. Rd1 Re8 26. e3 Bg4 27. Rd2 Ree6 28. h3 Bh5 29. Rxh5 1-0

[Event "BRA-ch Amateur U1600"]
[Site "Sao Paulo"]
[Date "2018.05.31"]
[Round "1"]
[White "Farias, Sergio Luiz Cardoso"]
[Black "Gelli, Jhonatan Henrique"]
[Result "0-1"]
[WhiteElo "1592"]
[BlackElo "1350"]
[PlyCount "83"]
[EventDate "2018.05.31"]
[EventType "swiss"]
[EventRounds "7"]
[EventCountry "BRA"]
[SourceTitle "EXT 2021"]
[Source "ChessBase"]
[SourceDate "2020.10.23"]
[SourceVersion "1"]
[SourceVersionDate "2020.10.23"]
[SourceQuality "1"]

1. e4 c5 2. Nc3 d6 3. Nf3 a6 4. d4 cxd4 5. Nxd4 Nf6 6. h3 e6 7. Bd3 Be7 8. 0-0 0-0 9. Nf3 Qc7 10. Bg5 h6 11. Bf4 Nbd7 12. Kh1 b5 13. a3 Bb7 14. Re1 e5 15. Bh2 Rac8 16. Nh4 Nxe4 17. Bxe4 Bxh4 18. Bxb7 Qxb7 19. Qxd6 Rc6 20. Qd2 Rg6 21. Nd5 Re8 22. Re4 Bxf2 23. Ne7+ Rxe7 24. Rg4 Rxg4 25. hxg4 Bh4 26. Rf1 Nf6 27. Qd6 Nxg4 28. Qd8+ Kh7 29. Qd3+ e4 30. Qh3 Nf2+ 31. Rxf2 Bxf2 32. Qf5+ g6 33. Qxf2 e3 34. Qe2 Qd7 35. Bf4 Qe6 36. Kg1 g5 37. Bg3 f5 38. Kf1 f4 39. Be1 Rc7 40. Qd3+ Qg6 41. Qd8 Qxc2 42. Bc3 0-1

[Event "BRA-ch Amateur U1800"]
[Site "Sao Paulo"]
[Date "2016.05.29"]
[Round "7"]
[White "Gelli, Jhonatan Henrique"]
[Black "Felix, Luiza de Oliveira"]
[Result "0-1"]
[WhiteElo "1270"]
[BlackElo "1575"]
[PlyCount "48"]
[EventDate "2016.05.26"]
[EventType "swiss"]
[EventRounds "7"]
[EventCountry "BRA"]
[SourceTitle "EXT 2019"]
[Source "ChessBase"]
[SourceDate "2018.10.10"]
[SourceVersion "1"]
[SourceVersionDate "2018.10.10"]
[SourceQuality "1"]

1. e4 c5 2. Nf3 d6 3. d4 cxd4 4. Nxd4 Nf6 5. Nc3 a6 6. f3 e6 7. Be3 b5 8. Bd3 Bb7 9. Qd2 Nbd7 10. 0-0 Qc7 11. Rfe1 Be7 12. g4 Nb6 13. g5 Nfd7 14. h4 Ne5 15. f4 Nec4 16. Qf2 Rc8 17. Nxe6 fxe6 18. f5 Nxe3 19. Rxe3 Nc4 20. Bxc4 Qxc4 21. f6 gxf6 22. gxf6 Bf8 23. f7+ Kd7 24. Qd2 a5 0-1

[Event "BRA-ch Amateur U1800"]
[Site "Sao Paulo"]
[Date "2016.05.26"]
[Round "1"]
[White "Souza, Kim Garcia De"]
[Black "Gelli, Jhonatan Henrique"]
[Result "1-0"]
[WhiteElo "1729"]
[BlackElo "1270"]
[PlyCount "95"]
[EventDate "2016.05.26"]
[EventType "swiss"]
[EventRounds "7"]
[EventCountry "BRA"]
[SourceTitle "EXT 2019"]
[Source "ChessBase"]
[SourceDate "2018.10.10"]
[SourceVersion "1"]
[SourceVersionDate "2018.10.10"]
[SourceQuality "1"]

1. b4 d5 2. Bb2 e6 3. Nf3 Nf6 4. a3 Nbd7 5. e3 c5 6. b5 Be7 7. c4 Qc7 8. Be2 0-0 9. 0-0 e5 10. cxd5 Nxd5 11. Qb3 N7b6 12. d3 Bd6 13. a4 Nf6 14. Nbd2 Be6 15. Qc2 Rac8 16. Rfc1 h6 17. e4 Nh5 18. a5 Nd7 19. Nc4 Bxc4 20. Qxc4 Nf4 21. Bf1 b6 22. g3 Nh5 23. axb6 axb6 24. Bh3 Rcd8 25. Nh4 Kh8 26. Nf5 Kg8 27. Nxd6 Qxd6 28. Ra7 Ndf6 29. Rd1 Ra8 30. Rda1 Rxa7 31. Rxa7 g5 32. f3 Ng7 33. Kf2 h5 34. Qc3 Re8 35. Qc4 Rf8 36. Ke2 g4 37. fxg4 Nxg4 38. Bxg4 hxg4 39. Rb7 Qf6 40. Qc2 Ne6 41. Kd2 Qf2+ 42. Kc1 Qe1+ 43. Qd1 Qe3+ 44. Kb1 Qg5 45. Rxb6 f5 46. Rxe6 fxe4 47. Rxe5 Qd8 48. Qxg4+ 1-0

[Event "Sao Paulo op-B U2050 4th"]
[Site "Sao Paulo"]
[Date "2016.03.25"]
[Round "3"]
[White "Montufar Berrios, Eymi Priscila"]
[Black "Gelli, Jhonatan Henrique"]
[Result "1-0"]
[WhiteElo "1692"]
[BlackElo "1187"]
[PlyCount "93"]
[EventDate "2016.03.24"]
[EventType "swiss"]
[EventRounds "7"]
[EventCountry "BRA"]
[SourceTitle "CBM 171 Extra"]
[Source "ChessBase"]
[SourceDate "2016.04.26"]
[SourceVersion "1"]
[SourceVersionDate "2016.04.26"]
[SourceQuality "1"]

1. e4 c5 2. Nf3 d6 3. d4 cxd4 4. Nxd4 a6 5. Nc3 Nf6 6. Be2 e6 7. Be3 Be7 8. 0-0 0-0 9. Kh1 Qc7 10. f4 b5 11. a3 Bb7 12. Bf3 Nc6 13. Nxc6 Bxc6 14. f5 exf5 15. exf5 Bxf3 16. Qxf3 Rad8 17. Rad1 Rd7 18. Bg5 Rfd8 19. Rf2 Kh8 20. Bxf6 Bxf6 21. Nd5 Qc6 22. Nxf6 Qxf3 23. Rxf3 gxf6 24. Re3 d5 25. g4 d4 26. Red3 Kg7 27. c3 Rc8 28. cxd4 Rc2 29. R1d2 Rc6 30. d5 Rcd6 31. Kg2 Kh6 32. Kg3 Rd8 33. Kf4 Kg7 34. h4 h6 35. Ke4 Kh7 36. Ke3 Kg7 37. Rd4 R8d7 38. R2d3 Kh7 39. Kd2 Rc7 40. Rc3 Rcd7 41. Rc5 Kg7 42. Kc3 Kh7 43. Kb3 Re7 44. Rc6 Rxc6 45. dxc6 Rc7 46. Rd6 Kg7 47. Kb4 1-0

[Event "Sao Paulo Hebraica op 23rd"]
[Site "Sao Paulo"]
[Date "2016.01.09"]
[Round "3"]
[White "Caribe Santos, Luiz Carlos"]
[Black "Gelli, Jhonatan Henrique"]
[Result "1-0"]
[WhiteElo "1552"]
[BlackElo "1800"]
[PlyCount "52"]
[EventDate "2016.01.08"]
[EventType "swiss"]
[EventRounds "6"]
[EventCountry "BRA"]
[SourceTitle "CBM 170 Extra"]
[Source "ChessBase"]
[SourceDate "2016.02.25"]
[SourceVersion "1"]
[SourceVersionDate "2016.02.25"]
[SourceQuality "1"]

1. d4 d5 2. c4 e6 3. Nc3 c6 4. Nf3 Nf6 5. cxd5 exd5 6. e3 Be7 7. Bd3 0-0 8. 0-0 Re8 9. Qc2 Bb4 10. Bd2 Bg4 11. Ne5 Be6 12. Ne2 Bxd2 13. Qxd2 Ne4 14. Bxe4 dxe4 15. Qb4 Qc7 16. Nf4 Nd7 17. Nxe6 Rxe6 18. Nxd7 Qxd7 19. Qc5 b6 20. Qf5 Qc7 21. Rac1 Rd8 22. Qg4 Rd5 23. f4 exf3 24. Qxf3 Rf6 25. Qxd5 Rxf1+ 26. Kxf1 cxd5 1-0

[Event "Sao Paulo Hebraica op 23rd"]
[Site "Sao Paulo"]
[Date "2016.01.09"]
[Round "4"]
[White "Gelli, Jhonatan Henrique"]
[Black "Ricieri, Antonio Marcos"]
[Result "0-1"]
[WhiteElo "1800"]
[BlackElo "1432"]
[PlyCount "46"]
[EventDate "2016.01.08"]
[EventType "swiss"]
[EventRounds "6"]
[EventCountry "BRA"]
[SourceTitle "CBM 170 Extra"]
[Source "ChessBase"]
[SourceDate "2016.02.25"]
[SourceVersion "1"]
[SourceVersionDate "2016.02.25"]
[SourceQuality "1"]

1. e4 c5 2. Nf3 g6 3. d4 cxd4 4. Nxd4 Nc6 5. Nxc6 bxc6 6. Bc4 Bg7 7. c3 Nf6 8. e5 Ne4 9. Qf3 d5 10. Bd3 Bxe5 11. 0-0 Qc7 12. g3 0-0 13. Bxe4 dxe4 14. Qxe4 Bf5 15. Qh4 Bg7 16. Bh6 Rfd8 17. Bxg7 Kxg7 18. g4 Qf4 19. h3 Be4 20. f3 Bxf3 21. Qf2 Rd3 22. Na3 Rd2 23. Qxf3 Qh2# 0-1